| 000 | 01334nam0a22002531 4500 | ||
|---|---|---|---|
| 001 | rc\773623 | ||
| 005 | 20260407105902.0 | ||
| 035 | _a(NLR Aleph) 006300018 | ||
| 090 |
_a7241316 _c7241316 |
||
| 100 | _a20040301d1984 |||y0rusy50 ca | ||
| 101 | 0 | _arus | |
| 102 | _aRU | ||
| 105 | _ay ||||||||| | ||
| 200 | 1 |
_aАктуальные проблемы статистических исследований социальной и экономической эффективности народного хозяйства _eСб. науч. тр. _fМ-во высш. и сред. спец. образования СССР, Моск. экон.-стат. ин-т, Ун-т экон. наук им. К. Маркса (Будапешт) _g[Ред. кол.: проф. Адамов В.Е. (гл. ред.) и др.] |
|
| 210 |
_aМ. _cМЭСИ _d1984 |
||
| 215 |
_a80 с. _d20 |
||
| 702 | 1 |
_aАдамов _bВ.Е. _gВладимир Евгеньевич _4340 |
|
| 712 | 0 | 2 |
_aМосковский экономико-статистический институт _3RU\NLR\AUTH\889937749 _9370313 |
| 712 | 0 | 2 |
_aЭкономический университет им. Карла Маркса _cБудапешт _3RU\NLR\AUTH\8820870 _9315501 |
| 801 | 0 |
_aRU _bNLR _gpsbo |
|
| 801 | 1 |
_aRU _bELAR _2rusmarc |
|
| 852 |
_aNLR _j85-4/34256 |
||
| 942 | _cBOOK | ||
| 980 | _aNB | ||